Aby univerzita mala dušu
Salvato in:
| Autore principale: | |
|---|---|
| Natura: | Libro |
| Lingua: | slovacco |
| Pubblicazione: |
Bratislava
VEDA, vydavateľstvo Slovenskej akadémie vied
2010
|
| Soggetti: | |
| Tags: |
Nessun Tag, puoi essere il primo ad aggiungerne!!
|
MARC
| LEADER | 00000nam a2200000 4500 | ||
|---|---|---|---|
| 001 | 0147133 | ||
| 005 | 20240314092840.0 | ||
| 020 | |a 978-80-224-1149-3 | ||
| 041 | 0 | |a slo | |
| 044 | |a SK | ||
| 245 | 1 | 0 | |a Aby univerzita mala dušu |c Vladimír Šucha |
| 264 | 1 | |a Bratislava |b VEDA, vydavateľstvo Slovenskej akadémie vied |c 2010 | |
| 300 | |a 102 s. | ||
| 610 | 2 | 0 | |a školy vysoké |
| 610 | 2 | 0 | |a univerzity |
| 610 | 2 | 0 | |a vzdelanie vysokoškolské |
| 610 | 2 | 0 | |a študenti |
| 610 | 2 | 0 | |a pracovníci |
| 610 | 2 | 0 | |a tvorivosť vedecká |
| 610 | 2 | 0 | |a podmienky pracovné |
| 610 | 2 | 0 | |a starostlivosť sociálna |
| 610 | 2 | 0 | |a prostredie pracovné |
| 610 | 2 | 0 | |a učitelia |
| 610 | 2 | 0 | |a kreativita |
| 610 | 2 | 0 | |a výskum |
| 610 | 2 | 0 | |a vybavenosť pracoviska |
| 610 | 2 | 0 | |a riadenie |
| 610 | 2 | 0 | |a zdroje finančné |
| 610 | 2 | 0 | |a komunikácia |
| 610 | 2 | 0 | |a vzdelávanie |
| 100 | 1 | |a Šucha, Vladimír | |